[Event "SVK-chT rapid"]
[Site "Poprad"]
[Date "2025.??.??"]
[Round "3.23"]
[White "Benko, Simon"]
[Black "Bednar, Jozef"]
[Result "0-1"]
[WhiteElo "1493"]
[BlackElo "1852"]
[PlyCount "78"]
[EventDate "2025.05.04"]
[EventType "team-swiss (rapid)"]
[EventRounds "7"]
[EventCountry "SVK"]
[SourceTitle "CB19_2025"]
[SourceDate "2025.05.07"]
[SourceVersion "1"]
[SourceVersionDate "2025.05.07"]
[SourceQuality "1"]

1. d4 Nf6 2. Bf4 d5 3. e3 Bf5 4. c4 e6 5. Nc3 c6 6. Nf3 Bd6 7. Bg5 Nbd7 8. c5 Bc7 9. b4 h6 10. Bh4 e5 11. Bg3 Bg4 12. Be2 exd4 13. exd4 Bxg3 14. hxg3 0-0 15. Qd2 Re8 16. 0-0 Ne4 17. Nxe4 dxe4 18. Ne1 Bxe2 19. Qxe2 Nf6 20. Nc2 Nd5 21. Ne3 Qd7 22. Nxd5 Qxd5 23. Qd2 Rad8 24. Rfd1 Rd7 25. Qc3 Red8 26. Rd2 a6 27. a4 Qf5 28. Rad1 Rd5 29. a5 Qe6 30. Qe3 Qg6 31. Kf1 f5 32. Qf4 Qf6 33. Qe3 Kh7 34. Ke2 R8d7 35. Qc3 g5 36. Kf1 f4 37. gxf4 gxf4 38. Ke2 Qg6 39. Ke1 Qxg2 0-1